Tasty Eating For Healthy Living, Vol 1. (Record no. 325319)

MARC details
000 -LEADER
fixed length control field 00488nam a2200169Ia 4500
008 - FIXED-LENGTH DATA ELEMENTS--GENERAL INFORMATION
fixed length control field 230718s9999 xx 000 0 und d
020 ## - INTERNATIONAL STANDARD BOOK NUMBER
International Standard Book Number 9788179919978
041 ## - LANGUAGE CODE
Language code of text/sound track or separate title eng
082 ## - DEWEY DECIMAL CLASSIFICATION NUMBER
Classification number 641.813
Item number KAP
100 ## - MAIN ENTRY--PERSONAL NAME
Personal name Kapoor S.
9 (RLIN) 112597
245 ## - TITLE STATEMENT
Title Tasty Eating For Healthy Living, Vol 1.
Remainder of title Soups, Snacks And Starters
260 ## - PUBLICATION, DISTRIBUTION, ETC. (IMPRINT)
Date of publication, distribution, etc. 2010
Name of publisher, distributor, etc. Popular Prakashan
300 ## - PHYSICAL DESCRIPTION
Extent 70
365 ## - TRADE PRICE
Currency code Rs.
Price amount 125.00
700 ## - ADDED ENTRY--PERSONAL NAME
Personal name Kapoor S.
9 (RLIN) 112597
906 ## - LOCAL DATA ELEMENT F, LDF (RLIN)
d O:0094520-Jul-2010B:1510919-Jul-2010
c GENRL
Holdings
Withdrawn status Lost status Damaged status Not for loan Home library Current library Date acquired Vendor Budget Code Cost, normal purchase price Bill number Total Checkouts Full call number Barcode Date last seen Cost, replacement price Bill Date Koha item type Original Barcode
        Cummins College of Engineering for Women Pune Cummins College of Engineering for Women Pune 20/07/2010 IBEX GENRL 125.00 15109   641.813 CCEP-BK-36526 18/07/2023 125.00 19/07/2010 Books 036526